000
00323nam a2200133Ia 4500
005
20260328101530.0
008
260328s9999||||xx |||||||||||||| ||und||
100
_a
Waisman, Marina
245
0
_a
La Arquitectura descentrada /
_c
Marina Waisman
260
_b
Escala
300
_a
119 p.
650
_a
ARQUITECTURA
942
_c
BK
999
_c
9938
_d
9938